000
00228nam a22000857a 4500
008
170621b xxu||||| |||| 00| 0 eng d
100
_9
3610
_a
Singh. Y. K
245
_a
Guidance and Career Counseling
260
_a
New Delhi
_b
A. P. H
_c
2009
999
_c
6998
_d
6998